|
|
|
|
| LEADER |
00811nam a2200193 a 4500 |
| 001 |
4137186 |
| 008 |
100408s1975 bg b 000 0 eng d |
| 010 |
|
|
|a 76900873
|
| 040 |
|
|
|a DLC
|c DLC
|d DLC
|d BD-DhAAL
|
| 082 |
0 |
0 |
|a 301.41/2/095492
|
| 245 |
0 |
0 |
|a Women for women :
|b Bangladesh, 1975.
|
| 260 |
|
|
|a Dacca :
|b Published for the Women for Women, Research and Study Group by University Press,
|c c1975.
|
| 300 |
|
|
|a xii, 248 p. ;
|c 23 cm.
|
| 504 |
|
|
|a Includes bibliographical references.
|
| 541 |
1 |
|
|e 00001389
|
| 650 |
|
0 |
|a Women
|z Bangladesh
|x Social conditions.
|
| 852 |
4 |
|
|a Ayesha Abed Library
|j General shelf
|
| 999 |
|
|
|c 8041
|d 8041
|
| 952 |
|
|
|0 0
|1 0
|2 ddc
|4 0
|6 301_412095492000000_WOM_1975
|7 0
|9 9131
|a BRACUL
|b BRACUL
|c GEN
|d 2010-04-08
|g 0.00
|l 0
|o 301.412095492 WOM
|p 3010001389
|r 2010-04-08
|t 1
|w 2010-04-08
|y BK
|z Not price in Register
|